[Event "Mecklenburg VP U16"]
[Site "Malchow"]
[Date "2016.02.02"]
[Round "1.6"]
[White "Langer, Moritz"]
[Black "Wolfgramm, Theo"]
[Result "1-0"]
[WhiteElo "1668"]
[BlackElo "1131"]
[PlyCount "123"]
[EventDate "2016.02.02"]
[EventType "swiss"]
[EventRounds "7"]
[EventCountry "GER"]
[SourceTitle "EXT 2024"]
[Source "ChessBase"]
[SourceDate "2023.10.10"]
[SourceVersion "1"]
[SourceVersionDate "2023.10.10"]
[SourceQuality "1"]

1. d4 d5 2. c4 e6 3. Nc3 Nf6 4. Nf3 c6 5. Bf4 Be7 6. e3 0-0 7. c5 Re8 8. b4 Nbd7 9. Bd3 Nf8 10. Ne5 Bd7 11. 0-0 b6 12. Rb1 a5 13. a3 b5 14. Qc2 Nh5 15. Ra1 a4 16. Rae1 f6 17. Nxd7 Qxd7 18. Qe2 Nxf4 19. exf4 Rab8 20. Qh5 Red8 21. Re3 Qe8 22. Qe2 Qf7 23. f5 e5 24. Nb1 e4 25. Bc2 Re8 26. Re1 Bd8 27. Nd2 Bc7 28. Bb1 g6 29. fxg6 Qxg6 30. Ba2 Kh8 31. Rh3 Ne6 32. Qe3 Nf4 33. Rg3 Qh5 34. Rf1 Rg8 35. Nxe4 Rxg3 36. Nxg3 Qg6 37. Bb1 Qg8 38. Re1 Rf8 39. Bf5 h5 40. h4 Qg7 41. Qe7 Rf7 42. Qe8+ Rf8 43. Qxc6 Rb8 44. Re8+ Rxe8 45. Qxe8+ Qg8 46. Qxg8+ Kxg8 47. Bd7 Nd3 48. Bxb5 Nxb4 49. Bxa4 Bxg3 50. fxg3 Na6 51. Be8 Nc7 52. Bxh5 Nb5 53. c6 Kf8 54. Bf3 Nc7 55. a4 Ke7 56. h5 Kf7 57. a5 Kg7 58. a6 Nxa6 59. Bxd5 Nc7 60. Bf3 Kf7 61. d5 Ke7 62. h6 1-0

[Event "Mecklenburg VP U16"]
[Site "Malchow"]
[Date "2016.02.02"]
[Round "6.4"]
[White "Schumacher, Ole"]
[Black "Langer, Moritz"]
[Result "1-0"]
[WhiteElo "1666"]
[BlackElo "1668"]
[PlyCount "57"]
[EventDate "2016.02.02"]
[EventType "swiss"]
[EventRounds "7"]
[EventCountry "GER"]
[SourceTitle "EXT 2024"]
[Source "ChessBase"]
[SourceDate "2023.10.10"]
[SourceVersion "1"]
[SourceVersionDate "2023.10.10"]
[SourceQuality "1"]

1. d4 d5 2. Nf3 Nf6 3. c4 e6 4. Nc3 c6 5. g3 Nbd7 6. Bg2 Bb4 7. 0-0 0-0 8. Bf4 Re8 9. Qb3 Ba5 10. Rac1 Bc7 11. Bxc7 Qxc7 12. Rfd1 Qb6 13. Qc2 dxc4 14. e4 Qa5 15. a4 b5 16. axb5 cxb5 17. Nd2 Rb8 18. e5 Nh5 19. b3 cxb3 20. Nxb3 Qb6 21. Ne4 Ba6 22. Qc7 Red8 23. Nd6 g6 24. Rc6 Qxc7 25. Rxc7 Ra8 26. Bxa8 Rxa8 27. Rxd7 b4 28. Ra1 Bc8 29. Rd8+ 1-0

[Event "Rostock SSC op 14th"]
[Site "Rostock"]
[Date "2015.07.31"]
[Round "5.33"]
[White "Langer, Moritz"]
[Black "Wulf, Doris"]
[Result "1/2-1/2"]
[WhiteElo "1670"]
[BlackElo "1368"]
[PlyCount "71"]
[EventDate "2015.07.29"]
[EventType "swiss"]
[EventRounds "7"]
[EventCountry "GER"]
[SourceTitle "EXT 2019"]
[Source "ChessBase"]
[SourceDate "2018.10.10"]
[SourceVersion "1"]
[SourceVersionDate "2018.10.10"]
[SourceQuality "1"]

1. d4 Nf6 2. c4 e6 3. Nf3 d5 4. Nc3 c6 5. Bf4 dxc4 6. e3 b5 7. a4 a6 8. axb5 cxb5 9. Nxb5 Nd5 10. Bg3 Bb4+ 11. Nd2 0-0 12. Bxc4 Nb6 13. Bc7 Qg5 14. Bxb6 Qxg2 15. Rf1 Bb7 16. Nc3 Qxh2 17. e4 a5 18. Bc5 Bxc5 19. dxc5 Nc6 20. Qe2 Nd4 21. Qd1 h5 22. Nf3 Nxf3+ 23. Qxf3 Qe5 24. Rh1 g6 25. Qe3 Rfd8 26. Rg1 Kf8 27. Bb5 Kg7 28. c6 Ba6 29. f4 Qc7 30. Bxa6 Rxa6 31. e5 Qxc6 32. Ne4 Qb5 33. Qe2 Qb4+ 34. Kf1 Rc6 35. Re1 Rd4 36. Rg3 1/2-1/2

[Event "Rostock SSC op 14th"]
[Site "Rostock"]
[Date "2015.07.30"]
[Round "3.15"]
[White "Langer, Moritz"]
[Black "Mauser, Tassilo Tino"]
[Result "0-1"]
[WhiteElo "1670"]
[BlackElo "1920"]
[PlyCount "74"]
[EventDate "2015.07.29"]
[EventType "swiss"]
[EventRounds "7"]
[EventCountry "GER"]
[SourceTitle "EXT 2019"]
[Source "ChessBase"]
[SourceDate "2018.10.10"]
[SourceVersion "1"]
[SourceVersionDate "2018.10.10"]
[SourceQuality "1"]

1. d4 b6 2. c4 Nf6 3. Nc3 Bb7 4. Bf4 e6 5. e3 d5 6. Nf3 Be7 7. Rb1 0-0 8. b4 Nbd7 9. c5 Nh5 10. Ne5 Nxf4 11. exf4 f6 12. Nxd7 Qxd7 13. Bd3 f5 14. 0-0 Bf6 15. Bc2 c6 16. Re1 Ba6 17. a4 Bc4 18. Bb3 Bxb3 19. Rxb3 bxc5 20. bxc5 Rab8 21. Ne2 Kf7 22. Qb1 Qc7 23. g3 Rxb3 24. Qxb3 Rb8 25. Qc2 Qa5 26. Rb1 Rxb1+ 27. Qxb1 Qxa4 28. Qb7+ Be7 29. Kg2 a5 30. Qa8 h6 31. Ng1 Qxd4 32. Nf3 Qe4 33. Qxc6 g5 34. Qd7 g4 35. c6 gxf3+ 36. Kh3 Qe1 37. g4 Qg1 0-1

[Event "Mecklenburg VP-ch U14"]
[Site "Malchow"]
[Date "2015.02.02"]
[Round "4.5"]
[White "Stadach, Pepe"]
[Black "Langer, Moritz"]
[Result "0-1"]
[WhiteElo "1140"]
[BlackElo "1670"]
[PlyCount "90"]
[EventDate "2015.01.31"]
[EventType "swiss"]
[EventRounds "7"]
[EventCountry "GER"]
[SourceTitle "EXT 2022"]
[Source "ChessBase"]
[SourceDate "2021.10.06"]
[SourceVersion "1"]
[SourceVersionDate "2021.10.06"]
[SourceQuality "1"]

1. e4 c5 2. c3 d5 3. exd5 Qxd5 4. Nf3 Nc6 5. d4 Bf5 6. c4 Qe6+ 7. Be2 cxd4 8. Nxd4 Nxd4 9. Qxd4 Bxb1 10. Rxb1 Nf6 11. Be3 g6 12. c5 a6 13. b3 Rd8 14. Qa4+ Qd7 15. Qxd7+ Rxd7 16. 0-0 Rc7 17. b4 e5 18. Rfd1 Be7 19. Bh6 Ng8 20. Bg7 Bf6 21. Bxh8 Bxh8 22. Rd2 Bf6 23. Rbd1 Be7 24. Rd5 e4 25. Re5 f5 26. Rc1 Kf8 27. a4 Bg5 28. Rc2 Ne7 29. Re6 Nc6 30. Rc4 Be7 31. b5 Kf7 32. Rxe7+ Nxe7 33. bxa6 bxa6 34. Rc1 a5 35. Bc4+ Kf6 36. Bb3 Ke5 37. Kf1 h6 38. Ke2 Kd4 39. Rc4+ Ke5 40. g3 g5 41. f3 Nc6 42. Ke3 f4+ 43. Ke2 Nd4+ 44. Kf2 e3+ 45. Ke1 Nxb3 0-1

[Event "Mecklenburg VP-ch U14"]
[Site "Malchow"]
[Date "2015.02.01"]
[Round "2.1"]
[White "Schumacher, Ole"]
[Black "Langer, Moritz"]
[Result "1/2-1/2"]
[WhiteElo "1354"]
[BlackElo "1670"]
[PlyCount "109"]
[EventDate "2015.01.31"]
[EventType "swiss"]
[EventRounds "7"]
[EventCountry "GER"]
[SourceTitle "EXT 2022"]
[Source "ChessBase"]
[SourceDate "2021.10.06"]
[SourceVersion "1"]
[SourceVersionDate "2021.10.06"]
[SourceQuality "1"]

1. e4 c5 2. Nf3 Nc6 3. d4 cxd4 4. Nxd4 Nf6 5. Nc3 e5 6. Ndb5 d6 7. Bg5 a6 8. Na3 b5 9. Nd5 Be6 10. Be2 Be7 11. Bxf6 Bxf6 12. 0-0 Nd4 13. c3 Nxe2+ 14. Qxe2 Be7 15. Nc2 Bxd5 16. exd5 0-0 17. Nb4 f5 18. Nc6 Qd7 19. f4 e4 20. Nd4 Qa7 21. Kh1 Rf7 22. g4 fxg4 23. Qxg4 Bf6 24. Nf5 Kh8 25. Nxd6 Re7 26. Nf5 Ree8 27. Rfe1 Qd7 28. Ne3 Qxg4 29. Nxg4 h5 30. Nxf6 gxf6 31. f5 Re5 32. Rad1 Rae8 33. d6 Rd8 34. Kg2 Kh7 35. d7 Re7 36. Kg3 Rg7+ 37. Kf2 Rgxd7 38. Rxd7+ Rxd7 39. Rxe4 Rd2+ 40. Re2 Rd5 41. Re7+ Kh6 42. Ra7 Rd2+ 43. Kg3 Rxb2 44. Rxa6 Kg5 45. Ra5 Kxf5 46. c4 h4+ 47. Kxh4 Kf4 48. Kh5 bxc4 49. Ra4 Rxh2+ 50. Kg6 Rc2 51. Kxf6 Ke4 52. Ke6 Kd4 53. Kd6 Kd3 54. Kd5 c3 55. Rd4+ 1/2-1/2

[Event "GER-chT North U14"]
[Site "Magdeburg"]
[Date "2014.09.12"]
[Round "3.1"]
[White "Silber, Kevin"]
[Black "Langer, Moritz"]
[Result "1/2-1/2"]
[WhiteElo "1668"]
[BlackElo "1549"]
[PlyCount "70"]
[EventDate "2014.09.11"]
[EventType "team-swiss"]
[EventRounds "7"]
[EventCountry "GER"]
[SourceTitle "EXT 2016"]
[Source "ChessBase"]
[SourceDate "2015.10.08"]
[SourceVersion "1"]
[SourceVersionDate "2015.10.08"]
[SourceQuality "1"]
[WhiteTeam "Delmenhorst"]
[BlackTeam "Rostock Makkabi"]
[WhiteTeamCountry "GER"]
[BlackTeamCountry "GER"]

1. e4 c5 2. Nf3 d6 3. d4 cxd4 4. Nxd4 Nf6 5. Nc3 g6 6. Be3 Bg7 7. h3 0-0 8. Qd2 Nc6 9. 0-0-0 d5 10. f3 a5 11. Kb1 e6 12. g4 Ne7 13. Be2 e5 14. Nb3 d4 15. Bg5 a4 16. Nc5 b6 17. Bxf6 Bxf6 18. g5 Bg7 19. N5xa4 Be6 20. Qe1 Qb8 21. h4 dxc3 22. Nxc3 Qa7 23. a3 Rfd8 24. h5 Rxd1+ 25. Qxd1 Qd7 26. Qe1 f5 27. Qh4 Bf7 28. hxg6 Bxg6 29. Bc4+ Kf8 30. Qf2 Qc6 31. exf5 Bxf5 32. Bb3 Qg6 33. Rd1 Rb8 34. Qd2 Bh8 35. Qe3 Nc6 1/2-1/2

[Event "Rostock SSC op 13th"]
[Site "Rostock"]
[Date "2014.07.26"]
[Round "6"]
[White "Langer, Moritz"]
[Black "Wurst, Maximilian"]
[Result "1-0"]
[WhiteElo "1443"]
[BlackElo "1485"]
[PlyCount "63"]
[EventDate "2014.07.23"]
[EventType "swiss"]
[EventRounds "7"]
[EventCountry "GER"]
[SourceTitle "EXT 2018"]
[Source "ChessBase"]
[SourceDate "2017.10.13"]
[SourceVersion "1"]
[SourceVersionDate "2017.10.13"]
[SourceQuality "1"]

1. d4 Nf6 2. c4 e6 3. Nc3 Bb4 4. f3 d5 5. a3 Bxc3+ 6. bxc3 c6 7. Qc2 Nbd7 8. e4 dxe4 9. fxe4 e5 10. d5 cxd5 11. cxd5 Nc5 12. Bd3 0-0 13. Nf3 Qd6 14. 0-0 Bg4 15. Be3 Nxd3 16. Qxd3 b6 17. Kh1 Rac8 18. c4 Nd7 19. Qc2 f5 20. Ng5 f4 21. Bd2 Qg6 22. Nf3 Nc5 23. Nxe5 Qxe4 24. Qxe4 Nxe4 25. Bb4 Rfd8 26. Rxf4 a5 27. Rxe4 axb4 28. Rxg4 bxa3 29. h3 b5 30. Nc6 bxc4 31. Nxd8 c3 32. Nc6 1-0

[Event "Rostock SSC op 13th"]
[Site "Rostock"]
[Date "2014.07.25"]
[Round "4"]
[White "Langer, Moritz"]
[Black "Kupfer, Michael"]
[Result "0-1"]
[WhiteElo "1443"]
[BlackElo "2052"]
[PlyCount "54"]
[EventDate "2014.07.23"]
[EventType "swiss"]
[EventRounds "7"]
[EventCountry "GER"]
[SourceTitle "EXT 2018"]
[Source "ChessBase"]
[SourceDate "2017.10.13"]
[SourceVersion "1"]
[SourceVersionDate "2017.10.13"]
[SourceQuality "1"]

1. d4 e6 2. c4 b6 3. Nc3 Bb7 4. e4 Bb4 5. f3 f5 6. e5 Nc6 7. f4 d6 8. d5 Bxc3+ 9. bxc3 Nce7 10. Qd4 exd5 11. exd6 Qxd6 12. Qxg7 Ng6 13. Nf3 0-0-0 14. Bd3 Re8+ 15. Kf1 dxc4 16. Bxf5+ Kb8 17. Qd4 Qe7 18. Qf2 Nh6 19. Bxg6 hxg6 20. Ne5 g5 21. Rg1 Rhf8 22. Ba3 Qxa3 23. Nd7+ Ka8 24. Nxf8 Rxf8 25. g3 Qxc3 26. Rd1 Ng4 27. Qd2 Qf3+ 0-1

[Event "Rostock SSC op 13th"]
[Site "Rostock"]
[Date "2014.07.24"]
[Round "3"]
[White "Schubert, Monique"]
[Black "Langer, Moritz"]
[Result "0-1"]
[WhiteElo "1244"]
[BlackElo "1443"]
[PlyCount "94"]
[EventDate "2014.07.23"]
[EventType "swiss"]
[EventRounds "7"]
[EventCountry "GER"]
[SourceTitle "EXT 2018"]
[Source "ChessBase"]
[SourceDate "2017.10.13"]
[SourceVersion "1"]
[SourceVersionDate "2017.10.13"]
[SourceQuality "1"]

1. e4 d6 2. d4 Nf6 3. Bd3 g6 4. Nf3 Bg7 5. 0-0 0-0 6. Be3 c6 7. c4 a6 8. Nbd2 b5 9. b3 Nbd7 10. d5 cxd5 11. cxd5 Ng4 12. Bd4 Nge5 13. Rc1 Nxd3 14. Bxg7 Kxg7 15. Rc3 N3e5 16. Qa1 f6 17. Nd4 Nc5 18. b4 Na4 19. Rc2 Kg8 20. Rfc1 Bd7 21. a3 Qb6 22. Kh1 Nd3 23. Rf1 Nab2 24. N2b3 Rac8 25. Rxb2 Nxb2 26. Qxb2 Rc4 27. Qd2 Kg7 28. f4 f5 29. Qe3 Qd8 30. e5 Re8 31. Re1 Qb8 32. e6 Bc8 33. Nc6 Qa8 34. Nd2 Rc2 35. Qd3 Rxc6 36. dxc6 Qxc6 37. Qd4+ Kg8 38. Nf3 Bb7 39. Qb2 Rc8 40. h4 Qc3 41. Qf2 Rc4 42. Nd2 Qc2 43. Re2 Qd1+ 44. Re1 Rxf4 45. Qxf4 Qxe1+ 46. Kh2 Qxe6 47. h5 Qe5 0-1

[Event "Rostock SSC op 13th"]
[Site "Rostock"]
[Date "2014.07.23"]
[Round "1"]
[White "Pererva, Viktor"]
[Black "Langer, Moritz"]
[Result "1-0"]
[WhiteElo "2040"]
[BlackElo "1443"]
[PlyCount "95"]
[EventDate "2014.07.23"]
[EventType "swiss"]
[EventRounds "7"]
[EventCountry "GER"]
[SourceTitle "EXT 2018"]
[Source "ChessBase"]
[SourceDate "2017.10.13"]
[SourceVersion "1"]
[SourceVersionDate "2017.10.13"]
[SourceQuality "1"]

1. e4 c5 2. Nf3 e6 3. d4 cxd4 4. Nxd4 a6 5. Nc3 Qc7 6. Bd3 Nf6 7. 0-0 Bb4 8. Be3 Bxc3 9. bxc3 Nc6 10. f4 d5 11. e5 Nxe5 12. fxe5 Qxe5 13. Qf3 Qh5 14. Rae1 0-0 15. Qxh5 Nxh5 16. g4 Nf6 17. g5 Ne8 18. Bf4 Bd7 19. c4 Bc6 20. Nxc6 bxc6 21. c5 Ra7 22. Rb1 Nc7 23. Rb6 Re8 24. Be5 Rc8 25. Rfb1 Nb5 26. a4 Na3 27. R1b3 Nc4 28. Bxc4 dxc4 29. Rb8 Ra8 30. Rxc8+ Rxc8 31. Rb6 a5 32. Ra6 Kf8 33. Rxa5 Rd8 34. Bd6+ Ke8 35. Ra7 Rd7 36. Rxd7 Kxd7 37. a5 Kc8 38. a6 f6 39. gxf6 gxf6 40. Kf2 e5 41. Ke1 e4 42. Kf1 f5 43. Ke1 h6 44. Kf1 h5 45. Ke1 h4 46. Kf1 h3 47. Ke1 c3 48. Kf1 1-0

[Event "Mecklenburg VP-ch U14"]
[Site "Malchow"]
[Date "2014.02.04"]
[Round "6"]
[White "Langer, Moritz"]
[Black "Schluckner, Paul Leopold"]
[Result "1-0"]
[WhiteElo "1256"]
[BlackElo "1296"]
[PlyCount "61"]
[EventDate "2014.02.01"]
[EventType "swiss"]
[EventRounds "7"]
[EventCountry "GER"]
[SourceTitle "EXT 2017"]
[Source "ChessBase"]
[SourceDate "2016.10.25"]
[SourceVersion "1"]
[SourceVersionDate "2016.10.25"]
[SourceQuality "1"]

1. d4 d5 2. e3 Bf5 3. c4 e6 4. Nc3 Nf6 5. Nf3 c5 6. Qb3 Qb6 7. Qxb6 axb6 8. Nb5 Na6 9. Ne5 Be7 10. Be2 0-0 11. 0-0 Nb4 12. Na3 Rxa3 13. bxa3 Nc2 14. Rb1 Nxe3 15. Bxe3 Bxb1 16. Rxb1 cxd4 17. Bxd4 Bxa3 18. Rxb6 dxc4 19. Nxc4 Nd5 20. Nxa3 Nxb6 21. Bxb6 Ra8 22. Nc4 Rxa2 23. Bf1 Rc2 24. g3 Rc1 25. Kg2 Rb1 26. Be2 Kf8 27. Bc5+ Kg8 28. Nb6 Rc1 29. Be3 Rc2 30. Bf3 Rb2 31. Bxb7 1-0

[Event "Mecklenburg VP-ch U14"]
[Site "Malchow"]
[Date "2014.02.03"]
[Round "5"]
[White "Bollnow, Alex"]
[Black "Langer, Moritz"]
[Result "1/2-1/2"]
[WhiteElo "1337"]
[BlackElo "1256"]
[PlyCount "77"]
[EventDate "2014.02.01"]
[EventType "swiss"]
[EventRounds "7"]
[EventCountry "GER"]
[SourceTitle "EXT 2017"]
[Source "ChessBase"]
[SourceDate "2016.10.25"]
[SourceVersion "1"]
[SourceVersionDate "2016.10.25"]
[SourceQuality "1"]

1. e4 d6 2. d4 Nf6 3. Nc3 g6 4. Bg5 Bg7 5. e5 dxe5 6. dxe5 Nfd7 7. f4 c6 8. Nf3 0-0 9. Bc4 Nb6 10. Qxd8 Rxd8 11. Bb3 Re8 12. h3 Na6 13. e6 Bxe6 14. Bxe6 fxe6 15. 0-0-0 Bf6 16. Rhe1 Nc7 17. Ne4 Kg7 18. Nc5 Rab8 19. Nxe6+ Nxe6 20. Rxe6 Nd5 21. Rde1 Kf7 22. g3 Rbd8 23. Bh6 Rd6 24. Rxd6 exd6 25. Rxe8 Kxe8 26. Ng5 Bxg5 27. Bxg5 Kf7 28. Kd2 Ke6 29. g4 h5 30. a3 Nf6 31. Bxf6 Kxf6 32. Kd3 Ke6 33. Ke4 d5+ 34. Kd4 b6 35. b4 Kd6 36. c3 c5+ 37. bxc5+ bxc5+ 38. Kd3 Ke6 39. a4 1/2-1/2

[Event "Mecklenburg VP-ch U14"]
[Site "Malchow"]
[Date "2014.02.02"]
[Round "3"]
[White "Braeutigam, Pascal"]
[Black "Langer, Moritz"]
[Result "1/2-1/2"]
[WhiteElo "1144"]
[BlackElo "1256"]
[PlyCount "120"]
[EventDate "2014.02.01"]
[EventType "swiss"]
[EventRounds "7"]
[EventCountry "GER"]
[SourceTitle "EXT 2017"]
[Source "ChessBase"]
[SourceDate "2016.10.25"]
[SourceVersion "1"]
[SourceVersionDate "2016.10.25"]
[SourceQuality "1"]

1. e4 d6 2. Nf3 Nf6 3. Nc3 g6 4. d3 Bg7 5. Be2 c5 6. 0-0 0-0 7. Bd2 Nc6 8. Qc1 a6 9. Bh6 b5 10. Bxg7 Kxg7 11. Re1 b4 12. Nd5 e6 13. Nxf6 Qxf6 14. h3 a5 15. b3 a4 16. Nh2 h5 17. Bf3 e5 18. Be2 Nd4 19. Bd1 Nb5 20. Nf3 Nc3 21. Nd2 Be6 22. Nc4 Bxc4 23. bxc4 Ra7 24. Qd2 Nxd1 25. Rexd1 Rb8 26. Rdb1 Rab7 27. Rb2 b3 28. axb3 axb3 29. Rab1 bxc2 30. Qxc2 Rxb2 31. Rxb2 Rxb2 32. Qxb2 Qe7 33. Qe2 Qd7 34. Qe3 Qa4 35. g3 Qb3 36. Kg2 Qc3 37. Kf3 Qd4 38. h4 Qxe3+ 39. Kxe3 Kf6 40. Kf3 g5 41. hxg5+ Kxg5 42. Ke3 Kg4 43. Ke2 f6 44. Ke3 Kh3 45. Kf3 Kh2 46. Ke3 Kg1 47. Ke2 Kg2 48. Ke3 Kf1 49. Kf3 Ke1 50. Ke3 Kd1 51. f3 Kc1 52. Ke2 Kc2 53. Ke3 Kd1 54. f4 exf4+ 55. gxf4 Kc2 56. d4 h4 57. dxc5 h3 58. cxd6 h2 59. d7 h1Q 60. d8Q Qh3+ 1/2-1/2

[Event "Mecklenburg VP-ch U14"]
[Site "Malchow"]
[Date "2014.02.01"]
[Round "2"]
[White "Langer, Moritz"]
[Black "Engel, Philipp"]
[Result "1-0"]
[WhiteElo "1256"]
[BlackElo "1197"]
[PlyCount "87"]
[EventDate "2014.02.01"]
[EventType "swiss"]
[EventRounds "7"]
[EventCountry "GER"]
[SourceTitle "EXT 2017"]
[Source "ChessBase"]
[SourceDate "2016.10.25"]
[SourceVersion "1"]
[SourceVersionDate "2016.10.25"]
[SourceQuality "1"]

1. d4 e6 2. c4 c5 3. e3 cxd4 4. exd4 Nc6 5. Nf3 a6 6. Nc3 Qc7 7. a3 Nf6 8. Bd3 Be7 9. 0-0 0-0 10. Re1 b6 11. d5 Na5 12. Qc2 Nxc4 13. Na2 Bb7 14. Qxc4 Qxc4 15. Bxc4 Bxd5 16. Bxd5 Nxd5 17. Bd2 a5 18. Nc3 Nc7 19. Bf4 Na6 20. Rad1 d5 21. Nxd5 Bxa3 22. Nxb6 Bb4 23. Nxa8 Bxe1 24. Rxe1 Rxa8 25. h3 h6 26. Ra1 Nb4 27. Bd2 Nc6 28. b4 a4 29. b5 Nd8 30. Nd4 Nb7 31. Bb4 e5 32. Ne2 f6 33. Nc3 Kf7 34. Rxa4 Rxa4 35. Nxa4 Ke6 36. Nc5+ Nxc5 37. Bxc5 Kd7 38. Bf8 g5 39. Bxh6 Kc7 40. Bg7 f5 41. Bxe5+ Kb6 42. Bf6 g4 43. h4 Kxb5 44. h5 1-0

[Event "Mecklenburg VP-ch U14"]
[Site "Malchow"]
[Date "2014.02.01"]
[Round "1"]
[White "Wurst, Maximilian"]
[Black "Langer, Moritz"]
[Result "1-0"]
[WhiteElo "1506"]
[BlackElo "1256"]
[PlyCount "89"]
[EventDate "2014.02.01"]
[EventType "swiss"]
[EventRounds "7"]
[EventCountry "GER"]
[SourceTitle "EXT 2017"]
[Source "ChessBase"]
[SourceDate "2016.10.25"]
[SourceVersion "1"]
[SourceVersionDate "2016.10.25"]
[SourceQuality "1"]

1. e4 d6 2. Bc4 Nf6 3. Nc3 g6 4. Nf3 Bg7 5. d4 0-0 6. 0-0 c6 7. Bg5 b5 8. Bxf6 Bxf6 9. Nxb5 cxb5 10. Bd5 Bg4 11. Bxa8 Bxf3 12. Qxf3 Bxd4 13. c3 Bg7 14. Rad1 Nd7 15. Bd5 Ne5 16. Qe2 Qb6 17. Kh1 a5 18. f4 Nd7 19. Qg4 Nf6 20. Qg3 a4 21. f5 Nxd5 22. exd5 b4 23. fxg6 fxg6 24. Rxf8+ Kxf8 25. Qf4+ Kg8 26. Rf1 Bf6 27. Qxb4 Qxb4 28. cxb4 Bxb2 29. b5 Bd4 30. Rf4 Bc5 31. Rxa4 Kf8 32. Ra8+ Kf7 33. Rc8 Bd4 34. a4 Kf6 35. a5 Ke5 36. b6 Kxd5 37. b7 Ba7 38. Ra8 Kc6 39. Rxa7 Kc7 40. a6 e5 41. Ra8 e4 42. b8Q+ Kd7 43. Qb6 Ke6 44. Re8+ Kf5 45. Qxd6 1-0

[Event "GER-chT North U12"]
[Site "Magdeburg"]
[Date "2013.09.13"]
[Round "3.2"]
[White "Langer, Moritz"]
[Black "Bargsten, Justus"]
[Result "1-0"]
[WhiteElo "1289"]
[BlackElo "1344"]
[PlyCount "65"]
[EventDate "2013.09.12"]
[EventType "team-swiss"]
[EventRounds "7"]
[EventCountry "GER"]
[SourceTitle "EXT 2014"]
[Source "ChessBase"]
[SourceDate "2013.11.20"]
[SourceVersion "1"]
[SourceVersionDate "2013.11.20"]
[SourceQuality "1"]
[WhiteTeam "Rostock Makkabi"]
[BlackTeam "Stade"]
[WhiteTeamCountry "GER"]
[BlackTeamCountry "GER"]

1. d4 d5 2. c4 e6 3. Nc3 Nf6 4. Bg5 Nbd7 5. e3 Be7 6. Nf3 0-0 7. Bd3 dxc4 8. Bxc4 h6 9. Bh4 Nb6 10. Bd3 Nbd5 11. Nxd5 Nxd5 12. Bxe7 Qxe7 13. 0-0 Bd7 14. h3 Rac8 15. Qd2 c5 16. Ne5 cxd4 17. exd4 Rfd8 18. Rac1 a6 19. Rxc8 Rxc8 20. Rc1 Rxc1+ 21. Qxc1 g5 22. g3 Qd8 23. h4 Qc7 24. Qxc7 Nxc7 25. Nxd7 gxh4 26. gxh4 Nd5 27. Be4 Kg7 28. Bxd5 exd5 29. Nc5 Kf6 30. f3 Kf5 31. Nxb7 Kf4 32. Kf2 f5 33. Nc5 1-0

[Event "Rostock SSC op 12th"]
[Site "Rostock"]
[Date "2013.08.04"]
[Round "7"]
[White "Kreuzinger, Frank"]
[Black "Langer, Moritz"]
[Result "1-0"]
[WhiteElo "1759"]
[BlackElo "1191"]
[PlyCount "113"]
[EventDate "2013.07.31"]
[EventType "swiss"]
[EventRounds "7"]
[EventCountry "GER"]
[SourceTitle "EXT 2018"]
[Source "ChessBase"]
[SourceDate "2017.10.13"]
[SourceVersion "1"]
[SourceVersionDate "2017.10.13"]
[SourceQuality "1"]

1. Nf3 d5 2. d4 Nf6 3. g3 Nc6 4. Bg2 g6 5. 0-0 Bg7 6. c4 dxc4 7. Qa4 0-0 8. Qxc4 Be6 9. Qa4 Bd5 10. e3 Re8 11. Nc3 Bxf3 12. Bxf3 Qd7 13. Rd1 e6 14. e4 Ne7 15. Qb3 c6 16. Be3 Red8 17. Rac1 Qc7 18. a4 Qb6 19. Qa3 Bf8 20. a5 Qc7 21. Qa2 Rd7 22. b4 a6 23. Na4 Nc8 24. Qb2 Qd8 25. Nc5 Re7 26. d5 cxd5 27. Qxf6 Bg7 28. Qh4 b6 29. axb6 Nxb6 30. Bg5 f6 31. Bxf6 Bxf6 32. Qxf6 Rf7 33. Qxe6 Qf6 34. Qxf6 Rxf6 35. Bg2 dxe4 36. Bxe4 Raf8 37. f3 R8f7 38. Nxa6 Kg7 39. b5 Re7 40. Rc7 Rxc7 41. Nxc7 Rf7 42. Nd5 Rd7 43. Rd3 Nxd5 44. Rxd5 Rb7 45. Kf2 Rb6 46. Ke3 Kf6 47. Kd4 Rb8 48. Kc5 Ke6 49. Kc6 Ra8 50. b6 Ra6 51. Kc7 h5 52. b7 h4 53. b8Q hxg3 54. Qe8+ Kf6 55. Qe5+ Kf7 56. Rd7+ Kf8 57. Qh8# 1-0

[Event "Rostock SSC op 12th"]
[Site "Rostock"]
[Date "2013.08.02"]
[Round "4"]
[White "Langer, Moritz"]
[Black "Vladov, Mark"]
[Result "1/2-1/2"]
[WhiteElo "1191"]
[BlackElo "1829"]
[PlyCount "119"]
[EventDate "2013.07.31"]
[EventType "swiss"]
[EventRounds "7"]
[EventCountry "GER"]
[SourceTitle "EXT 2018"]
[Source "ChessBase"]
[SourceDate "2017.10.13"]
[SourceVersion "1"]
[SourceVersionDate "2017.10.13"]
[SourceQuality "1"]

1. d4 Nf6 2. c4 g6 3. Nc3 Bg7 4. g3 d6 5. Nf3 b6 6. Bg2 Bb7 7. 0-0 0-0 8. Re1 Nbd7 9. e4 a5 10. Nd2 Nh5 11. Nf3 e5 12. Be3 Kh8 13. Qd2 exd4 14. Bxd4 Ne5 15. Nxe5 dxe5 16. Be3 Qxd2 17. Bxd2 Rfd8 18. Rad1 c6 19. Be3 c5 20. Nd5 Rd6 21. b3 Rad8 22. Rd2 Bf8 23. Red1 Bxd5 24. exd5 Be7 25. Re2 f5 26. f4 e4 27. g4 Ng7 28. Bc1 Bf6 29. Bb2 Bxb2 30. Rxb2 Ne6 31. Rf1 Nd4 32. Re1 Kg7 33. Re3 Kf6 34. h3 h6 35. Kf2 R8d7 36. h4 Rh7 37. h5 Re7 38. hxg6 Kxg6 39. Bh3 fxg4 40. Bxg4 Nf5 41. Re1 e3+ 42. Ke2 h5 43. Bxf5+ Kxf5 44. Kf3 Re4 45. Rxe3 Rxf4+ 46. Ke2 Rg6 47. Rf3 h4 48. Rxf4+ Kxf4 49. Kf1 h3 50. Rh2 Kg3 51. Kg1 Rg4 52. Re2 Kf3+ 53. Kf1 Rd4 54. Rf2+ Kg3 55. Ke2 Rd2+ 56. Kxd2 Kxf2 57. d6 h2 58. d7 h1Q 59. d8Q Qe1+ 60. Kc2 1/2-1/2

[Event "Rostock SSC op 12th"]
[Site "Rostock"]
[Date "2013.07.31"]
[Round "1"]
[White "Kioschies, Johann"]
[Black "Langer, Moritz"]
[Result "1-0"]
[WhiteElo "2006"]
[BlackElo "1191"]
[PlyCount "93"]
[EventDate "2013.07.31"]
[EventType "swiss"]
[EventRounds "7"]
[EventCountry "GER"]
[SourceTitle "EXT 2018"]
[Source "ChessBase"]
[SourceDate "2017.10.13"]
[SourceVersion "1"]
[SourceVersionDate "2017.10.13"]
[SourceQuality "1"]

1. c4 e5 2. Nc3 Nf6 3. g3 d5 4. cxd5 Nxd5 5. Bg2 Be6 6. Nf3 Nc6 7. d3 Qd7 8. Ng5 Nxc3 9. bxc3 0-0-0 10. Nxe6 Qxe6 11. Qa4 Bc5 12. Bxc6 Qxc6 13. Qxc6 bxc6 14. a4 a5 15. 0-0 Rhe8 16. Kg2 e4 17. d4 Bb6 18. Ba3 Rd5 19. e3 c5 20. c4 Rf5 21. Bb2 cxd4 22. exd4 c6 23. Rfe1 Rf6 24. Ra3 Rfe6 25. Rb3 Bc7 26. d5 cxd5 27. cxd5 Rd6 28. Rb5 g6 29. Bc3 Ra6 30. Rc1 Kd7 31. Bd2 Rc8 32. Rb7 Rb6 33. Ra7 Rd6 34. Bxa5 Rxd5 35. Raxc7+ Rxc7 36. Bxc7 Rd2 37. Bb6 Ra2 38. Rc4 f5 39. Kf1 Kd6 40. a5 Kd5 41. Rc7 g5 42. Be3 Kd6 43. Rxh7 Rxa5 44. Bxg5 Ra1+ 45. Kg2 Kd5 46. h4 Kd4 47. Bf6+ 1-0